000
00304nam a22001337a 4500
008
170426b xxu||||| |||| 00| 0 eng d
020
_a
9780471558521
041
_a
eng
080
_a
54
100
_a
12
101
_a
SHM
245
_a
SYDERS THE EXTRAORDINARY CHEMISTRY
_c
DEVEN.D
942
_2
udc
_c
BK
999
_c
12084
_d
12084